000 00333nam a2200133Ia 4500
008 191201s2019 xx 000 0 und d
020 _a9789382609810
100 _aJEEVA, Jose
245 0 _aIntroduction to Computing & Problem Solving With PYTHON
260 _bKhanna Pub
_c2019
300 _a271
650 _aMCA
942 _2ddc
_cBK
999 _c6814
_d6814